Rapport annuel 2010 : Pour une reprise mondiale equilibree.

Le rapport annuel au Conseil des gouverneurs examine les activites et les politiques du FMI au cours d'une annee donnee. Il comporte cinq chapitres : (1) Vue d'ensemble, (2) Evolution de l'economie mondiale et des marches financiers, (3) Pour une croissance mondiale soutenue et equili...

وصف كامل

التفاصيل البيبلوغرافية
مؤلف مشترك: International Monetary Fund
التنسيق: دورية
اللغة:English
منشور في: Washington, D.C. : International Monetary Fund, 2010.
سلاسل:Annual Report of the Executive Board; Annual Report of the Executive Board ; No. 2010/001
الوصول للمادة أونلاين:Full text available on IMF
LEADER 01722cas a2200241 a 4500
001 AALejournalIMF021763
008 230101c9999 xx r poo 0 0eng d
020 |z 9781616350185 
022 |a 0250-7501 
040 |a BD-DhAAL  |c BD-DhAAL 
110 2 |a International Monetary Fund. 
240 1 0 |a Rapport annuel 2010: Pour une reprise mondiale equilibree.  |l French 
245 1 0 |a Rapport annuel 2010 :   |b Pour une reprise mondiale equilibree. 
264 1 |a Washington, D.C. :  |b International Monetary Fund,  |c 2010. 
300 |a 1 online resource (88 pages) 
490 1 |a Annual Report of the Executive Board 
500 |a <strong>Off-Campus Access:</strong> No User ID or Password Required 
500 |a <strong>On-Campus Access:</strong> No User ID or Password Required 
506 |a Electronic access restricted to authorized BRAC University faculty, staff and students 
520 3 |a Le rapport annuel au Conseil des gouverneurs examine les activites et les politiques du FMI au cours d'une annee donnee. Il comporte cinq chapitres : (1) Vue d'ensemble, (2) Evolution de l'economie mondiale et des marches financiers, (3) Pour une croissance mondiale soutenue et equilibree, (4) Reformer et renforcer le FMI pour mieux servir les Etats membres, et (5) Finances, organisation et responsabilisation. Les etats financiers complets de l'exercice sont disponibles separement, de meme que les appendices et d'autres informations complementaires. 
538 |a Mode of access: Internet 
830 0 |a Annual Report of the Executive Board; Annual Report of the Executive Board ;  |v No. 2010/001 
856 4 0 |z Full text available on IMF  |u http://elibrary.imf.org/view/books/011/11063-9781616350185-fr/11063-9781616350185-fr-book.xml  |z IMF e-Library